00563 a2200181 45000010006000000050017000060080041000230030015000640400040000790800082001192450031002012640041002323000019002730410008002921000028003007000027003287000026003556300020260407155924.0260407a1968 arg spa dAR-UNSa-BCEJYS aAR-UNSa-BCEJYSbspacAR-UNSa-BCEJYS a368xSeguros. Provisión comunitaria mediante participación en los riesgos10aLey de segurospNº 17.418 1aBuenos Aires :bAbeledo Perrotc1968 a407 p.c23 cm. aspa1 aArgentina [Leyes, etc.]1 aPaya, Fernando H. (h.)1 aSantillán, Jorge M.